000 00273nam a22001217a 4500
008 170407b xxu||||| |||| 00| 0 eng d
041 _aeng
080 _a616
100 _a9
101 _aSHM
245 _aPATHOPHYSIOLOGY HEALTH PROFESIONS
_cGOULD.B.E
942 _2udc
_cBK
999 _c10119
_d10119